00298nam a22000977a 4500008004100000082001800041110000900059245006700068260005500135300001000190230605b xxu||||| |||| 00| 0 eng d a316.6762bKNB d2011 aStatistical Abstract 2011cKenya National Bureau of Statistics aNairobibKenya National Bureau of Statisticsc2011 a304 p